LEADER 01627nam a2200313 u 4500 001 000000016032 003 CaOOAMICUS 005 20070226105940.0 008 940513s1950 it u000 u eng u 035 $a10376129 040 $aBHA$bita$dPUL(R) 100 1 $aWilbur, Earl Morse,$d1866-1956.$0(OLS)http://pul/name/14640 245 12$aA bibliography of the pioneers of the Socinian-Unitarian movement in modern Christianity, in Italy, Switzerland, Germany, Holland /$ccompiled by Earl Morse Wilbur ; pref. di Delio Cantimori. 260 $aRoma :$bEdizioni di Storia e Letteratura,$c1950. 300 $a80 p. ;$c26 cm 490 1 $aSussidi eruditi ;$v1 650 0$aUnitarianism$xBibliography.$2//eng$0(OLS)http://pul/subject/11306 650 0$aSocinianism$xBibliography.$2//eng$0(OLS)http://pul/subject/11307 700 1 $aCantimori, Delio,$d1904-1966.$0(OLS)http://pul/name/6728 830 0$aSussidi eruditi ;$v1.$0(OLS)http://pul/title/3135 850 $aPUL 852 $aPUL$W1$xDP1 Fondo Maccarrone$y58$m1526 C 16$j22573$nBK-PRI$b $qFondi$B22573$CPULBib$Z2$F22573 $H $81 852 $aPUL$W1$xSL Religione 1$y3$m74 O 23$j22574$nBK-PRI$b $qStampati$B22574$CPULBib$Z2$F22574 $H $81 941 1 $a8 941 1 $a1 961 $aINV: F. Maccarrone 961 $aINV: 24765 996 $6245$aA bibliography of the pioneers of the Socinian-Unitarian movement in modern Christianity, in Italy, Switzerland, Germany, Holland$9(OLS)http://pul/title/22910 996 $6260$aRoma :$bEdizioni di Storia e Letteratura$9(OLS)http://pul/publisher/48123 LEADER 00975naa a2200253 u 4500 001 000000093385 003 CaOOAMICUS 005 20070226130133.0 008 010703m19371938fr u000 u fre u 035 $a10895309 040 $aPUL(R)$bita 100 1 $aMakarov, Alexandre Nicolaevic,$d1888-$0(OLS)http://pul/name/60101 245 13$aLa nationalitè de la femme mariée /$cpar A.N. Makarov. 260 $a[S. l. :$bs. n.],$c1937-1938. 300 $aP. [111-241] 504 $aBibliografia in nota. 650 4$aDiritto internazionale.$0(OLS)http://pul/subject/2505 650 4$aMatrimonio (diritto).$0(OLS)http://pul/subject/800 650 4$aFamiglia (diritto).$0(OLS)http://pul/subject/1842 773 0 $tRecueil des cours$gv.II (1937) 773 0 $tRecueil des cours 1937$w()59614 960 $aDiritto matrimoniale$9800 996 $6245$aLa nationalitè de la femme mariée$9(OLS)http://pul/title/120253 996 $6260$a[S. l. :$bs. n.]$9(OLS)http://pul/publisher/47882